Las tarifas de los servicios públicos (Registro nro. 313176)

Detalles MARC
000 -ENCABEZADO
Número de control [NR] 00615 a2200169 4500
005 - FECHA Y HORA DE LA ÚLTIMA TRANSACCIÓN
control field 20190909081622.0
008 - DE LONGITUD FIJA DE DATOS DE ELEMENTOS - INFORMACIÓN GENERAL
Elementos de longitud fija [NR] 190610b1976 sp ||||| |||| 00| 0 spa d
020 ## - NUMERO INTERNACIONAL NORMALIZADO PARA LIBROS [R]
Número Internacional Normalizado del libro [NR] 8474050197
040 ## - FUENTE DE CATALOGACION [NR]
Agencia de catalogación original [NR] CO-BoUCM
Idioma de catalogación [NR] spa
Quien Cataloga Juan Jose Mateus
Quien Clasifica Juan Jose Mateus
041 0# - CODIGO DE IDIOMA [R]
Código de idioma para texto/pista de sonido o título separado [R] Español
100 10 - ASIENTO PRINCIPAL--NOMBRE PERSONAL [NR]
Nombre personal [NR] Ariño ortíz , Gaspar
ID Autoridad 97028
245 14 - MENCION DE TITULO [NR]
Título [NR] Las tarifas de los servicios públicos
Parte restante del título [NR] poder tarifario, poder de tasación y control judicial
Mención de responsabilidad, etc. [NR] Gaspar Ariño ortíz
260 ## - PUBLICACION, DISTRIBUCION, ETC. (PIE DE IMPRENTA) [R]
Nombre del editor, distribuidor, etc. [R] Instituto García Oviedo
Fecha de publicación, distribución, etc. [R] 1976
Lugar de publicación, distribución, etc. [R] Madrid
650 #7 - ASIENTO SECUNDARIO DE MATERIA - TERMINO TEMATICO [R]
9 (RLIN) 12836
Término temático o nombre geográfico como elemento de entrada [NR] Derecho tributario
942 ## - ELEMENTOS DE ENTRADA AGREGADOS (KOHA)
Tipo de ítem principal el descrito en 300a Libro
Sistema de clasificación LOCAL
Tema principal Derecho
Edición 1
Clasificación 343.09
Parte restante de la signatura top. M737t
Título oculto en OPAC No
Existencias
Signatura topográfica Código de barras Última vez visto Ejemplar Costo de reposición Price effective from Tipo de ítem Perdido Sistema de clasificación Dañado No prestable Tipo de ítem específico Suprimido Ubicación habitual Ubicación actual Localización Fecha de creación Proveedor Forma de adquisición Costo
343.09 M737t 100161211 06/12/2024 Ej.1 26000.00 10/06/2019 Libro   DEWEY     Libro   BodegaJK Claustro Préstamo 2 días después de solicitado 10/06/2019 12 Donación 0.00